Hodnotenie kvality bodových zvarov pri výrobe osobných automobilov = Quality assessments of point welds during car manufacturing : Bakalárska práca

Salvato in:
Dettagli Bibliografici
Autore principale: Magula, Radovan (Autore)
Altri autori: Krakovský, Filip, 1983- (xxx)
Natura: Manoscritto Libro
Lingua:slovacco
Pubblicazione: Trnava : STU v Bratislave MTF UVTE, 2009
Soggetti:
Tags: Aggiungi Tag
Nessun Tag, puoi essere il primo ad aggiungerne!!

MARC

LEADER 00000ntm a22000003a 4500
001 stu198008
005 20160719160135.1
008 100114s2009----xo------------------slo-d
040 |a STU  |b slo 
041 0 |a slo 
044 |a xo 
100 1 |a Magula, Radovan  |4 aut 
245 1 |a Hodnotenie kvality bodových zvarov pri výrobe osobných automobilov = Quality assessments of point welds during car manufacturing :  |b Bakalárska práca 
260 |a Trnava :  |b STU v Bratislave MTF UVTE,  |c 2009 
300 |a 60 s  |c 1 CD-ROM 
500 |a Študijný program: výrobné technológie 
500 |a Študijný odbor: 5.2.51 výrobné technológie 
650 7 |a bodové zváranie  |2 stusub 
650 7 |a výroba  |2 stusub 
650 7 |a osobné automobily  |2 stusub 
700 1 |a Krakovský, Filip,  |d 1983-  |4 xxx  |u M140  |T MTF Katedra zvárania  |X 28417  |U M140  |Y M140  |7 A000028417 
996 |b 284M077391  |c M*BP-4110  |l MMSKP  |s P  |a 0  |w stu198008_0001